[Event "NED-chT 1314"]
[Site "Netherlands"]
[Date "2013.09.21"]
[Round "1.9"]
[White "Borm, Frans"]
[Black "Zwirs, Nico"]
[Result "0-1"]
[WhiteElo "2350"]
[BlackElo "2250"]
[PlyCount "68"]
[EventDate "2013.09.21"]
[EventType "team-tourn"]
[EventRounds "9"]
[EventCountry "NED"]
[SourceTitle "EXT 2015"]
[Source "ChessBase"]
[SourceDate "2014.11.20"]
[SourceVersion "1"]
[SourceVersionDate "2014.11.20"]
[SourceQuality "1"]
[WhiteTeam "BSG"]
[BlackTeam "Apeldoorn"]
[WhiteTeamCountry "NED"]
[BlackTeamCountry "NED"]

1. e4 e5 2. Nf3 d6 3. d4 exd4 4. Nxd4 g6 5. Nc3 Bg7 6. Be2 Nf6 7. Bg5 0-0 8. Qd2 Nc6 9. Nxc6 bxc6 10. 0-0 Qe8 11. f3 Rb8 12. Rab1 Qe5 13. Kh1 Qa5 14. b3 Nd7 15. Na4 Qxd2 16. Bxd2 Re8 17. Rfe1 Ne5 18. Ba5 Re7 19. Bf1 Kf8 20. h3 g5 21. Nb2 f5 22. exf5 Bxf5 23. Nd3 Bxd3 24. cxd3 c5 25. Bd2 Bf6 26. a3 Nc6 27. b4 Rxe1 28. Bxe1 cxb4 29. axb4 a5 30. Rc1 axb4 31. Rxc6 b3 32. Rc1 b2 33. Rb1 Bd4 34. Be2 Re8 0-1

[Event "NED-chT 1112"]
[Site "Netherlands"]
[Date "2011.09.17"]
[Round "1.9"]
[White "Borm, Frans"]
[Black "Baljon, Christofoor"]
[Result "1/2-1/2"]
[WhiteElo "2369"]
[BlackElo "2167"]
[PlyCount "74"]
[EventDate "2011.09.17"]
[EventType "team-tourn"]
[EventRounds "9"]
[EventCountry "NED"]
[SourceTitle "CBM 144 Extra"]
[Source "ChessBase"]
[SourceDate "2011.10.28"]
[SourceVersion "1"]
[SourceVersionDate "2011.10.28"]
[SourceQuality "1"]
[WhiteTeam "BSG"]
[BlackTeam "Groningen"]
[WhiteTeamCountry "NED"]
[BlackTeamCountry "NED"]

1. e4 c5 2. Nf3 d6 3. d4 cxd4 4. Nxd4 Nf6 5. Nc3 Nc6 6. Be2 e5 7. Nf3 Be7 8. 0-0 0-0 9. h3 a6 10. Bg5 Be6 11. Bxf6 Bxf6 12. Nd5 Bxd5 13. Qxd5 Qb6 14. Qb3 Qxb3 15. axb3 Nd4 16. Nxd4 exd4 17. Bd3 h5 18. g3 h4 19. Kg2 hxg3 20. fxg3 Be5 21. Ra5 Rac8 22. b4 g5 23. b3 Rc7 24. Rfa1 Kg7 25. b5 axb5 26. Rxb5 f6 27. Ra7 Rb8 28. Rba5 Kg6 29. Ra8 Rcc8 30. Rxb8 Rxb8 31. Kf3 Kh5 32. Ra7 g4+ 33. hxg4+ Kg5 34. b4 Kg6 35. b5 b6 36. Kg2 Kg5 37. Rg7+ Kh6 1/2-1/2

[Event "NRW Class2 0708"]
[Site "Germany"]
[Date "2007.10.14"]
[Round "2.3"]
[White "Borm, Frans"]
[Black "Korth, Daniel"]
[Result "0-1"]
[WhiteElo "2400"]
[BlackElo "2203"]
[PlyCount "162"]
[EventDate "2007.09.16"]
[EventType "team"]
[EventRounds "9"]
[EventCountry "GER"]
[SourceTitle "EXT 2009"]
[Source "ChessBase"]
[SourceDate "2008.11.26"]
[SourceVersion "1"]
[SourceVersionDate "2008.11.26"]
[SourceQuality "1"]
[WhiteTeam "Bochum II"]
[BlackTeam "Muenster II"]
[WhiteTeamCountry "GER"]
[BlackTeamCountry "GER"]

1. e4 e5 2. Nf3 Nc6 3. Bc4 Nf6 4. d4 exd4 5. 0-0 Nxe4 6. Re1 d5 7. Bxd5 Qxd5 8. Nc3 Qh5 9. Nxe4 Be6 10. Bg5 Bd6 11. Nxd6+ cxd6 12. Bf4 Qd5 13. c3 0-0 14. Nxd4 Nxd4 15. Qxd4 Qxd4 16. cxd4 Rfd8 17. a3 Rd7 18. Rac1 Kf8 19. f3 Bd5 20. Kf2 f5 21. h4 Kf7 22. Rc3 Re8 23. Rxe8 Kxe8 24. Rc8+ Kf7 25. b4 Bc6 26. Rh8 h6 27. Rc8 Ba4 28. h5 Ke6 29. Rf8 Bc2 30. Ke3 Kd5 31. b5 b6 32. Rc8 Ba4 33. Rf8 Ke6 34. d5+ Kxd5 35. Rxf5+ Kc4 36. Kd2 Bxb5 37. Rf8 Kb3 38. g4 Kxa3 39. Be3 Bc4 40. f4 Be6 41. f5 Bd5 42. f6 Be6 43. g5 hxg5 44. fxg7 Rxg7 45. h6 Rh7 46. Rf6 Bd7 47. Bxg5 b5 48. Rxd6 a5 49. Ra6 a4 50. Bf6 Rf7 51. Bd4 Rf4 52. Ke3 Rh4 53. Rf6 Kb3 54. Rf7 Be8 55. Re7 Bg6 56. Bg7 a3 57. Kf3 b4 58. Kg3 Rh1 59. Kg2 Rh5 60. Re3+ Kc4 61. Re6 Bc2 62. Rc6+ Rc5 63. Ra6 Kb3 64. Ra7 Rh5 65. Bf8 Be4+ 66. Kg3 Kc4 67. Bg7 Kb5 68. Kf4 Bd3 69. Ke3 Bg6 70. Kf4 Kb6 71. Bd4+ Kc6 72. Bg7 Rd5 73. Ra6+ Kb5 74. Rxg6 b3 75. Rg1 Rh5 76. Bf8 Ka4 77. Bg7 b2 78. Kg4 Rxh6 79. Bxb2 Rg6+ 80. Kf4 Rxg1 81. Bxa3 Kxa3 0-1

[Event "OHRA Open"]
[Site "Amsterdam"]
[Date "1985.07.23"]
[Round "7"]
[White "Borm, Frans"]
[Black "Kurajica, Bojan"]
[Result "0-1"]
[WhiteElo "2385"]
[BlackElo "2535"]
[PlyCount "194"]
[EventDate "1985.07.16"]
[EventType "swiss"]
[EventRounds "9"]
[EventCountry "NED"]
[SourceTitle "MCD"]
[Source "ChessBase"]
[SourceDate "1999.07.01"]
[SourceVersion "1"]
[SourceVersionDate "1999.07.01"]
[SourceQuality "1"]

1. e4 c5 2. Nf3 Nc6 3. d4 cxd4 4. Nxd4 e6 5. Nc3 a6 6. Be2 d6 7. 0-0 Nf6 8. Kh1 Be7 9. f4 Nxd4 10. Qxd4 0-0 11. Qf2 Nd7 12. a4 b6 13. Be3 Bb7 14. Rad1 Qc7 15. Qg3 Bf6 16. Bd4 Rad8 17. Bxf6 Nxf6 18. Rd4 d5 19. exd5 Nxd5 20. Nxd5 Rxd5 21. Rxd5 Bxd5 22. Bd3 Bc4 23. b3 Bxd3 24. Qxd3 b5 25. f5 Rd8 26. Qe4 exf5 27. Qxf5 g6 28. Qf3 Rd2 29. c4 Qe7 30. h3 Re2 31. Qf4 Qe6 32. Rf3 Re4 33. Qc7 Kg7 34. Kh2 Re3 35. Qg3 Rxf3 36. Qxf3 Qe5+ 37. Kh1 h5 38. Qf2 Qa1+ 39. Kh2 Qf6 40. Qe3 Qd6+ 41. Kh1 h4 42. Qc3+ f6 43. Qf3 Qd4 44. Kh2 g5 45. Kh1 Kf7 46. Qf1 Qe3 47. Qd1 Ke7 48. Kh2 Qe5+ 49. Kh1 Qd6 50. Qe1+ Kd7 51. Qe3 Kc7 52. Qe1 Kc6 53. Qe3 Qe5 54. Qf2 Qa1+ 55. Kh2 Qc3 56. Qa2 Qe5+ 57. Kh1 Qe1+ 58. Kh2 Qe5+ 59. Kh1 Qd4 60. Kh2 f5 61. Qb1 Qe5+ 62. Kh1 Kc5 63. Qg1+ Qd4 64. Qe1 Qe4 65. Qf2+ Kc6 66. Qc2 Qe1+ 67. Kh2 Qe6 68. Qf2 Qd6+ 69. Kh1 Qd1+ 70. Kh2 Qd3 71. Kh1 Qb1+ 72. Kh2 Qe4 73. Qb2 Qf4+ 74. Kh1 Qf1+ 75. Kh2 Qd1 76. Qh8 Qd6+ 77. Kh1 Qd1+ 78. Kh2 Qd7 79. Kh1 Kb7 80. Qh5 Qe7 81. Qd1 Kc7 82. Qd2 Qd8 83. Qe2 Qd6 84. Qh5 Qf6 85. Qd1 Qe5 86. Qb1 Qe6 87. Qg1 Kc6 88. Qf2 Qe4 89. Qb2 Qe1+ 90. Kh2 Qe7 91. Qh8 g4 92. hxg4 fxg4 93. Qa8+ Qb7 94. Qh8 Qc7+ 95. Kh1 g3 96. b4 Kb7 97. Qxh4 Qg7 0-1

[Event "Netherlands"]
[Site "Netherlands"]
[Date "1985.??.??"]
[Round "?"]
[White "Timman, Jan H"]
[Black "Borm, Frans"]
[Result "1/2-1/2"]
[WhiteElo "2650"]
[BlackElo "2385"]
[PlyCount "93"]
[EventDate "1985.??.??"]
[EventType "game"]
[EventRounds "1"]
[EventCountry "NED"]
[SourceTitle "EXT 2010"]
[Source "ChessBase"]
[SourceDate "2010.11.25"]
[SourceVersion "1"]
[SourceVersionDate "2010.11.25"]
[SourceQuality "1"]

1. e4 e5 2. Nf3 Nc6 3. d4 exd4 4. Nxd4 Bc5 5. Nf5 d6 6. Nxg7+ Kf8 7. Nh5 Qh4 8. Ng3 Nf6 9. Be2 Ne5 10. b4 Bxb4+ 11. c3 Bc5 12. Ba3 Nxe4 13. Bxc5 Nxc5 14. 0-0 Rg8 15. Nd2 Bd7 16. Nf3 Nxf3+ 17. Bxf3 Re8 18. Qc2 Rg5 19. Rab1 b6 20. Rb4 Qh6 21. Be4 a5 22. Rd4 Nxe4 23. Rxe4 Qg6 24. Rxe8+ Bxe8 25. Qd2 Bc6 26. Re1 h5 27. h4 Rg4 28. Qe2 Qe6 29. Qxe6 fxe6 30. Rxe6 Rxh4 31. Rh6 Rc4 32. Ne2 Rg4 33. f3 Kg7 34. fxg4 Kxh6 35. gxh5 Kxh5 36. Kf2 Kg4 37. a3 Bd7 38. Ke3 c5 39. c4 Be6 40. Kd3 d5 41. cxd5 Bxd5 42. Nc3 Bc6 43. Kc4 Kg3 44. Ne2+ Kxg2 45. Nf4+ Kf3 46. Nd3 Ke4 47. Nxc5+ 1/2-1/2

[Event "OHRA-A"]
[Site "Amsterdam"]
[Date "1984.07.27"]
[Round "9"]
[White "Borm, Frans"]
[Black "Ree, Hans"]
[Result "1-0"]
[WhiteElo "2375"]
[BlackElo "2480"]
[PlyCount "81"]
[EventDate "1984.07.17"]
[EventType "swiss"]
[EventRounds "9"]
[EventCountry "NED"]
[SourceTitle "MCL"]
[Source "ChessBase"]
[SourceDate "1999.07.01"]
[SourceVersion "1"]
[SourceVersionDate "1999.07.01"]
[SourceQuality "1"]

1. e4 c5 2. Nf3 e6 3. d4 cxd4 4. Nxd4 Nf6 5. Nc3 d6 6. Be2 a6 7. f4 Be7 8. 0-0 0-0 9. Be3 Qc7 10. Kh1 Nbd7 11. a4 b6 12. Bf3 Bb7 13. f5 e5 14. Nde2 Rfe8 15. Ng3 Rac8 16. Rf2 Qc4 17. Rd2 Qb4 18. Qb1 h5 19. Bg5 d5 20. exd5 e4 21. Bxf6 exf3 22. Bxe7 Rxe7 23. gxf3 Nf6 24. Nce4 Nxd5 25. c3 Qc4 26. Qg1 Nf4 27. f6 Re6 28. Rd4 Qc7 29. Nf5 g6 30. Qg5 Bxe4 31. fxe4 Qe5 32. Rad1 Rf8 33. Qh6 Qxf6 34. Qxf4 gxf5 35. exf5 Rc6 36. Rg1+ Kh7 37. Qf3 Kh6 38. Qf4+ Kh7 39. Qf3 Kh6 40. h4 Kh7 41. Rg5 1-0

[Event "OHRA-A"]
[Site "Amsterdam"]
[Date "1984.07.19"]
[Round "3"]
[White "Borm, Frans"]
[Black "Trepp, Markus"]
[Result "1/2-1/2"]
[WhiteElo "2375"]
[BlackElo "2350"]
[PlyCount "81"]
[EventDate "1984.07.17"]
[EventType "swiss"]
[EventRounds "9"]
[EventCountry "NED"]
[SourceTitle "MCL"]
[Source "ChessBase"]
[SourceDate "1999.07.01"]
[SourceVersion "1"]
[SourceVersionDate "1999.07.01"]
[SourceQuality "1"]

1. e4 c5 2. Nf3 Nc6 3. d4 cxd4 4. Nxd4 Nf6 5. Nc3 d6 6. Be2 e5 7. Nf3 h6 8. 0-0 Be7 9. Re1 0-0 10. h3 a6 11. Bf1 Bd7 12. Be3 b5 13. a4 b4 14. Nd5 Nxd5 15. exd5 Na5 16. Bd2 Rb8 17. Bxa6 Qb6 18. Bf1 Rfc8 19. Be3 Qb7 20. b3 f5 21. Nd2 f4 22. Bxf4 Bf5 23. Be3 Bxc2 24. Qg4 Nxb3 25. Qe6+ Kh8 26. a5 Nc5 27. a6 Qa7 28. Ra5 Qc7 29. Rxc5 dxc5 30. Nc4 Bf6 31. d6 Qc6 32. Nxe5 Qe8 33. Nf7+ Kh7 34. Qc4 b3 35. Bd3+ Bxd3 36. Qxd3+ g6 37. Nxh6 Qe6 38. Ng4 Bg7 39. Bd2 Qxe1+ 40. Bxe1 b2 41. Qb1 1/2-1/2

[Event "OHRA-A"]
[Site "Amsterdam"]
[Date "1984.07.17"]
[Round "1"]
[White "Borm, Frans"]
[Black "Gutman, Lev"]
[Result "0-1"]
[WhiteElo "2375"]
[BlackElo "2480"]
[PlyCount "88"]
[EventDate "1984.07.17"]
[EventType "swiss"]
[EventRounds "9"]
[EventCountry "NED"]
[SourceTitle "MCL"]
[Source "ChessBase"]
[SourceDate "1999.07.01"]
[SourceVersion "1"]
[SourceVersionDate "1999.07.01"]
[SourceQuality "1"]

1. e4 c5 2. Nf3 d6 3. d4 cxd4 4. Nxd4 Nf6 5. Nc3 e6 6. Be2 Be7 7. 0-0 0-0 8. f4 a6 9. Be3 Qc7 10. Kh1 Nbd7 11. a4 b6 12. Bf3 Bb7 13. Qe2 Rfe8 14. e5 Bxf3 15. Nxf3 Ng4 16. exd6 Bxd6 17. Rad1 Nxe3 18. Qxe3 Nf6 19. Nd4 e5 20. fxe5 Bxe5 21. Qh3 Rad8 22. Nde2 h5 23. Qh4 Rxd1 24. Rxd1 Ng4 25. Rf1 g6 26. h3 Bf6 27. Qg3 Qxg3 28. Nxg3 Bxc3 29. bxc3 Ne3 30. Rc1 h4 31. Nf1 Nd5 32. c4 Nc3 33. Ra1 Re2 34. a5 bxa5 35. Rxa5 Re1 36. Kg1 Ne4 37. Rxa6 Kg7 38. Ra3 Nd2 39. Rf3 Nxf3+ 40. gxf3 Rc1 41. f4 Kf6 42. Kf2 Rxc2+ 43. Kf3 Rxc4 44. Ne3 Rd4 0-1

[Event "OHRA GM Open"]
[Site "Arnhem/ Amsterdam"]
[Date "1983.07.??"]
[Round "?"]
[White "Sunye Neto, Jaime"]
[Black "Borm, Frans"]
[Result "1-0"]
[WhiteElo "2480"]
[BlackElo "2355"]
[PlyCount "85"]
[EventDate "1983.07.15"]
[EventType "swiss"]
[EventRounds "11"]
[EventCountry "NED"]
[SourceTitle "MCD"]
[Source "ChessBase"]
[SourceDate "1999.07.01"]
[SourceVersion "1"]
[SourceVersionDate "1999.07.01"]
[SourceQuality "1"]

1. c4 e6 2. Nf3 Nf6 3. g3 d5 4. Bg2 c6 5. b3 Nbd7 6. Bb2 b5 7. 0-0 Be7 8. d3 0-0 9. Nbd2 bxc4 10. dxc4 Bb7 11. Qc2 Qb8 12. e4 dxe4 13. Nxe4 Nxe4 14. Qxe4 c5 15. Qc2 Bf6 16. Rad1 Rd8 17. Rd2 Bxb2 18. Qxb2 Nf6 19. Rfd1 Rxd2 20. Qxd2 h6 21. Qa5 Qc8 22. Ne5 Bxg2 23. Kxg2 Qb7+ 24. f3 Qb6 25. Qxb6 axb6 26. a4 g5 27. Kf2 Kg7 28. g4 Ra7 29. Rd8 Rb7 30. Ke3 Kh7 31. Kd2 Kg7 32. Kc3 Kh7 33. b4 cxb4+ 34. Kxb4 Kg7 35. Rd6 Ne8 36. Rd7 Rxd7 37. Nxd7 h5 38. gxh5 f5 39. c5 bxc5+ 40. Kxc5 f4 41. Ne5 Nc7 42. Kd6 Na6 43. Ng4 1-0

[Event "Roosendaal"]
[Site "Roosendaal"]
[Date "1983.??.??"]
[Round "?"]
[White "Borm, Frans"]
[Black "Ligterink, Gert"]
[Result "1-0"]
[WhiteElo "2355"]
[BlackElo "2440"]
[PlyCount "60"]
[EventDate "1983.??.??"]
[EventType "tourn"]
[EventRounds "11"]
[EventCountry "NED"]
[SourceTitle "EXT 2001"]
[Source "ChessBase"]
[SourceDate "2000.11.22"]
[SourceVersion "1"]
[SourceVersionDate "2000.11.22"]
[SourceQuality "1"]

1. e4 c5 2. Nf3 e6 3. d4 cxd4 4. Nxd4 Nc6 5. Nc3 d6 6. Be2 Nf6 7. 0-0 Be7 8. Be3 0-0 9. f4 e5 10. Nb3 exf4 11. Bxf4 Be6 12. Kh1 d5 13. e5 Nd7 14. Nxd5 Ndxe5 15. Nxe7+ Qxe7 16. Qe1 Ng6 17. Bd2 Rfe8 18. Bb5 Bd5 19. Qxe7 Rxe7 20. Rae1 Rae8 21. Rxe7 Rxe7 22. Re1 Rxe1+ 23. Bxe1 Nf4 24. Bf1 Ne5 25. Bg3 g5 26. Nd2 Nfg6 27. c4 Bc6 28. b4 b6 29. b5 Bb7 30. Bf2 Nf4 1-0

[Event "Amsterdam op"]
[Site "Amsterdam"]
[Date "1982.07.??"]
[Round "3"]
[White "Borm, Frans"]
[Black "Kuligowski, Adam"]
[Result "1/2-1/2"]
[WhiteElo "2345"]
[BlackElo "2465"]
[PlyCount "88"]
[EventDate "1982.07.??"]
[EventType "swiss"]
[EventRounds "9"]
[EventCountry "NED"]
[SourceTitle "MCL"]
[Source "ChessBase"]
[SourceDate "1999.07.01"]
[SourceVersion "1"]
[SourceVersionDate "1999.07.01"]
[SourceQuality "1"]

1. e4 c5 2. Nf3 d6 3. d4 cxd4 4. Nxd4 Nf6 5. Nc3 a6 6. Be2 e5 7. Nb3 Be7 8. 0-0 0-0 9. f4 b5 10. a4 Qb6+ 11. Kh1 Bb7 12. Qd3 b4 13. Nd5 Nxd5 14. exd5 a5 15. Be3 Qc7 16. Rad1 Nd7 17. fxe5 Nxe5 18. Qe4 g6 19. Nd4 f5 20. Qf4 Bxd5 21. Qg3 Be4 22. Ne6 Qxc2 23. Rd2 Qxa4 24. Nxf8 Bxf8 25. Bf4 Qc6 26. Rdd1 Bg7 27. Rc1 Qb7 28. Rfd1 Qe7 29. b3 Kh8 30. Bf1 Nf7 31. Bxd6 Nxd6 32. Qxd6 Qxd6 33. Rxd6 a4 34. bxa4 b3 35. Rcd1 Be5 36. Rd8+ Rxd8 37. Rxd8+ Kg7 38. Bc4 b2 39. Ba2 b1Q+ 40. Bxb1 Bxb1 41. a5 Bf6 42. Rd7+ Kh6 43. a6 Be4 44. a7 Bg5 1/2-1/2

[Event "Amsterdam op"]
[Site "Amsterdam"]
[Date "1982.07.??"]
[Round "4"]
[White "Langeweg, Kick"]
[Black "Borm, Frans"]
[Result "1/2-1/2"]
[WhiteElo "2410"]
[BlackElo "2345"]
[PlyCount "94"]
[EventDate "1982.07.??"]
[EventType "swiss"]
[EventRounds "9"]
[EventCountry "NED"]
[SourceTitle "MCL"]
[Source "ChessBase"]
[SourceDate "1999.07.01"]
[SourceVersion "1"]
[SourceVersionDate "1999.07.01"]
[SourceQuality "1"]

1. d4 d5 2. Nf3 Nf6 3. c4 e6 4. Nc3 c6 5. Bg5 Nbd7 6. e3 Bb4 7. Qc2 0-0 8. cxd5 exd5 9. Bd3 h6 10. Bh4 Re8 11. 0-0 Be7 12. Bg3 Nf8 13. h3 a6 14. Rab1 Bd6 15. Bxd6 Qxd6 16. b4 Ne6 17. Ne5 a5 18. a3 Nd7 19. Bh7+ Kf8 20. f4 Nd8 21. Rf3 Qe7 22. Ne2 Nf6 23. Nc3 axb4 24. axb4 Ra3 25. Bd3 Kg8 26. Qb2 Ra8 27. Qb3 Qc7 28. Qc2 Qe7 29. Kh1 Qd6 30. g4 Nd7 31. Ne2 Qe7 32. Ng3 Nxe5 33. fxe5 Rf8 34. Nf5 Qc7 35. Nd6 Be6 36. Bh7+ Kh8 37. Bf5 Kg8 38. Rbf1 Bxf5 39. gxf5 f6 40. Rg1 Nf7 41. Rfg3 Nxd6 42. exd6 Qd7 43. Rxg7+ Qxg7 44. Rxg7+ Kxg7 45. Qg2+ Kh8 46. Qg6 Ra1+ 47. Kh2 Ra2+ 1/2-1/2

[Event "Amsterdam op"]
[Site "Amsterdam"]
[Date "1982.07.??"]
[Round "1"]
[White "Ligterink, Gert"]
[Black "Borm, Frans"]
[Result "1/2-1/2"]
[WhiteElo "2455"]
[BlackElo "2345"]
[PlyCount "95"]
[EventDate "1982.07.??"]
[EventType "swiss"]
[EventRounds "9"]
[EventCountry "NED"]
[SourceTitle "MCL"]
[Source "ChessBase"]
[SourceDate "1999.07.01"]
[SourceVersion "1"]
[SourceVersionDate "1999.07.01"]
[SourceQuality "1"]

1. c4 e6 2. Nf3 Nf6 3. g3 d5 4. Bg2 c6 5. b3 Nbd7 6. Bb2 Bd6 7. 0-0 0-0 8. Nc3 Qe7 9. d4 Rd8 10. Qc2 dxc4 11. bxc4 e5 12. e3 exd4 13. exd4 Ba3 14. Rfe1 Qb4 15. Bxa3 Qxa3 16. Rab1 Nf8 17. d5 cxd5 18. cxd5 Nxd5 19. Nxd5 Rxd5 20. Ne5 Rc5 21. Qd2 Qa5 22. Qe3 Bf5 23. Rbc1 Rxc1 24. Rxc1 Rc8 25. Rd1 Re8 26. Bd5 Be6 27. Bxb7 Bxa2 28. f4 f6 29. Ra1 fxe5 30. Qf2 Qb6 31. Qxb6 axb6 32. Rxa2 exf4 33. gxf4 Rb8 34. Bd5+ Kh8 35. Kf2 Ng6 36. Ke3 Re8+ 37. Be4 Ne7 38. Ra7 Nd5+ 39. Kf3 Nf6 40. Bc6 Rb8 41. Bb5 h6 42. Ra3 Rf8 43. Rd3 Nh5 44. Rd4 g5 45. Kg4 Rxf4+ 46. Rxf4 Nxf4 47. h4 Ne6 48. Bc4 1/2-1/2

[Event "Nijmegen RABO"]
[Site "Nijmegen"]
[Date "1982.02.13"]
[Round "1"]
[White "Borm, Frans"]
[Black "Reefschlaeger, Helmut"]
[Result "1/2-1/2"]
[WhiteElo "2345"]
[BlackElo "2405"]
[PlyCount "48"]
[EventDate "1982.02.13"]
[EventType "tourn (rapid)"]
[EventRounds "7"]
[EventCountry "NED"]
[EventCategory "8"]
[SourceTitle "EXT 1998"]
[Source "ChessBase"]
[SourceDate "1997.11.17"]
[SourceVersion "1"]
[SourceVersionDate "1997.11.17"]
[SourceQuality "1"]

1. e4 e6 2. d4 d5 3. Nc3 Bb4 4. exd5 exd5 5. Bd3 c6 6. Qf3 Qf6 7. a3 Bd6 8. Nce2 Be6 9. Bf4 Bxf4 10. Qxf4 Nd7 11. Nf3 Ne7 12. Qxf6 Nxf6 13. Ng3 0-0 14. 0-0 Ng6 15. Rfe1 Rfe8 16. Ne5 Nf4 17. Bf1 Nd7 18. Nd3 Nxd3 19. Bxd3 g6 20. Re2 f6 21. Rae1 Bf7 22. h4 Rxe2 23. Rxe2 Re8 24. f3 Nf8 1/2-1/2

[Event "IBM-20 Grootmeestergroep"]
[Site "Amsterdam"]
[Date "1980.06.??"]
[Round "?"]
[White "Borm, Frans"]
[Black "Smejkal, Jan"]
[Result "0-1"]
[WhiteElo "2355"]
[BlackElo "2555"]
[PlyCount "110"]
[EventDate "1980.06.26"]
[EventType "tourn"]
[EventRounds "11"]
[EventCountry "NED"]
[EventCategory "9"]
[SourceTitle "MCD"]
[Source "ChessBase"]
[SourceDate "1999.07.01"]
[SourceVersion "1"]
[SourceVersionDate "1999.07.01"]
[SourceQuality "1"]

1. e4 e5 2. Nf3 Nc6 3. Bc4 Nf6 4. d3 Be7 5. Nc3 d6 6. Nd5 Nxd5 7. exd5 Nb8 8. 0-0 Bg4 9. Re1 0-0 10. d4 exd4 11. Qxd4 Bxf3 12. gxf3 Nd7 13. f4 Bf6 14. Qd1 Nc5 15. c3 Qd7 16. Qf3 Rfe8 17. Bd2 Qf5 18. Rxe8+ Rxe8 19. Re1 Rxe1+ 20. Bxe1 Be5 21. b4 Ne4 22. Bd3 Ng5 23. Qg3 Qxf4 24. Qxf4 Nh3+ 25. Kf1 Nxf4 26. Be4 g6 27. c4 f5 28. Bc2 Kf7 29. Bd2 Kf6 30. a4 g5 31. a5 g4 32. b5 Ng6 33. b6 cxb6 34. axb6 axb6 35. Be3 Bxh2 36. Bxb6 Ne5 37. c5 dxc5 38. Bxc5 Nc4 39. Bd3 Nd6 40. Kg2 Be5 41. Bb6 Nf7 42. Bb5 h5 43. Bd7 h4 44. Kg1 h3 45. Bc5 Nd6 46. Bb6 Kg5 47. Bc5 Ne4 48. Bb6 Bd6 49. Bc8 Bc5 50. Bxc5 Nxc5 51. d6 b5 52. d7 Ne6 53. Ba6 b4 54. Bc4 Nd8 55. Bb3 f4 0-1

[Event "IBM-20 Grootmeestergroep"]
[Site "Amsterdam"]
[Date "1980.06.??"]
[Round "?"]
[White "Rogoff, Kenneth"]
[Black "Borm, Frans"]
[Result "1/2-1/2"]
[WhiteElo "2520"]
[BlackElo "2355"]
[PlyCount "67"]
[EventDate "1980.06.26"]
[EventType "tourn"]
[EventRounds "11"]
[EventCountry "NED"]
[EventCategory "9"]
[SourceTitle "MCD"]
[Source "ChessBase"]
[SourceDate "1999.07.01"]
[SourceVersion "1"]
[SourceVersionDate "1999.07.01"]
[SourceQuality "1"]

1. c4 c5 2. Nf3 Nf6 3. Nc3 e6 4. g3 b6 5. Bg2 Bb7 6. 0-0 Be7 7. d4 cxd4 8. Qxd4 0-0 9. Rd1 d6 10. b3 Nbd7 11. Bb2 a6 12. e4 Qc7 13. Qe3 Rac8 14. Nd4 Rfe8 15. Qe2 Bf8 16. Re1 Qb8 17. Rad1 Ba8 18. Qd3 Red8 19. Qb1 Nc5 20. Re2 g6 21. Ba1 Bg7 22. a4 Qc7 23. Nc2 Ng4 24. h3 Nf6 25. Na3 Qe7 26. Kh2 Ncd7 27. Red2 Ne8 28. Ne2 Bxa1 29. Qxa1 Nc5 30. Qb1 a5 31. Nc3 Bc6 32. Nc2 e5 33. Ne3 Nc7 34. Ncd5 1/2-1/2